[Event "HUN-chT2 Szechenyi 0809"]
[Site "Hungary"]
[Date "2009.01.25"]
[Round "6.12"]
[White "Szukics, Adam"]
[Black "Hegedus, Emil"]
[Result "0-1"]
[WhiteElo "100"]
[BlackElo "1770"]
[PlyCount "58"]
[EventDate "2008.10.26"]
[EventType "team-tourn"]
[EventRounds "11"]
[EventCountry "HUN"]
[SourceTitle "EXT 2010"]
[Source "ChessBase"]
[SourceDate "2010.11.25"]
[SourceVersion "1"]
[SourceVersionDate "2010.11.25"]
[SourceQuality "1"]
[WhiteTeam "Alsoszolnok"]
[BlackTeam "Keszthely"]
[WhiteTeamCountry "HUN"]
[BlackTeamCountry "HUN"]

1. e4 c5 2. Nf3 d6 3. d4 cxd4 4. Nxd4 Nf6 5. Nc3 a6 6. Bc4 Qc7 7. Bb3 Nbd7 8. 0-0 Nc5 9. Bd5 e6 10. Bb3 Ncxe4 11. Nxe4 Nxe4 12. Qf3 d5 13. c3 Bd6 14. g3 0-0 15. Be3 b5 16. Rac1 Bb7 17. Rfe1 Qd7 18. a3 Nc5 19. Bc2 e5 20. Nb3 d4 21. Nxc5 Bxc5 22. Qd1 Qc6 23. f3 dxe3 24. Qd3 e2+ 25. Kg2 e4 26. fxe4 f5 27. Rxe2 Rae8 28. Bb3+ Kh8 29. Bd5 Qd7 0-1